बाकी सफा 5 पर/ (Record no. 198615)
[ view plain ]
| 000 -LEADER | |
|---|---|
| fixed length control field | 00716nam a22001697a 4500 |
| 005 - DATE AND TIME OF LATEST TRANSACTION | |
| control field | 20230927152152.0 |
| 020 ## - INTERNATIONAL STANDARD BOOK NUMBER | |
| International Standard Book Number | 9788176674157 |
| Terms of availability | 425.00 |
| 082 ## - DEWEY DECIMAL CLASSIFICATION NUMBER | |
| Classification number | उ |
| Edition number | प्रथम |
| 100 ## - MAIN ENTRY--PERSONAL NAME | |
| Personal name | रूप सिंह |
| 245 ## - TITLE STATEMENT | |
| Title | बाकी सफा 5 पर/ |
| Statement of responsibility, etc | रूप सिंह पंजाब से अनुवाद सुभाष नीरव |
| 250 ## - EDITION STATEMENT | |
| Edition statement | प्रथम |
| 260 ## - PUBLICATION, DISTRIBUTION, ETC. (IMPRINT) | |
| Place of publication, distribution, etc | Delhi |
| Name of publisher, distributor, etc | Bhavna Prakashan |
| Date of publication, distribution, etc | 2021 |
| 270 ## - ADDRESS | |
| Address | 109-A, Patparganj Village |
| City | Delhi |
| Postal code | 110091 |
| Electronic mail address | bhavnaprakashan@gmail.com |
| 300 ## - PHYSICAL DESCRIPTION | |
| Extent | 200प. |
| Other physical details | 22सी.मी(सजिल्द) |
| 942 ## - ADDED ENTRY ELEMENTS (KOHA) | |
| Source of classification or shelving scheme | Dewey Decimal Classification |
| Item type | Hindi Books |
| Classification part | उ |
| Call number suffix | रूपसिं |
| Withdrawn status | Lost status | Not for loan | Collection code | Home library | Current library | Date acquired | Source of acquisition | Cost, normal purchase price | Full call number | Barcode | Copy number | Cost, replacement price | Koha item type |
|---|---|---|---|---|---|---|---|---|---|---|---|---|---|
| Fiction | Mobile Library | Mobile Library | 27/09/2023 | उपहार | 425.00 | उ रूपसिं | B-755870 | 1 | 425.00 | Hindi Books |
